Promiň /

Obrázková knížka s krátkým příběhem malého chlapce Willyho a běluhy, kteří nacházejí cestu k přátelství. Patří k němu chyby, omluvy a odpuštění.

Uloženo v:
Hlavní autor: Stará, Anežka, 1999- (Autor, Ilustrátor)
Médium: Kniha
Jazyk:Czech
Vydáno: Praha : Knihy Radosti, 2026
Vydání:1. vydání
Témata:
Celkem bylo vypůjčeno:0x
Tagy:
Žádné tagy
LEADER 01616nam a2200409 i 4500
001 106318
003 CZ PrNK
005 20260512145717.0
007 ta
008 260430s2026 xr a a 000 j cze
015 |a cnb003745722 
020 |a 9788090931985  |q (vázáno) :  |c Kč 389,00 
040 |a ABG001  |b cze  |e rda 
072 7 |a 821.162.3-3  |x Česká próza  |2 Konspekt  |9 25 
072 7 |a 821-93  |x Literatura pro děti a mládež (beletrie)  |2 Konspekt  |9 26 
080 |a 821.162.3-32  |2 MRF 
080 |a 821-93  |2 MRF 
080 |a (0:82-32)  |2 MRF 
100 1 |a Stará, Anežka,  |d 1999-  |7 xx0344390  |4 aut  |9 117342  |4 ill 
245 1 0 |a Promiň /  |c Anežka Stará 
250 |a 1. vydání 
264 1 |a Praha :  |b Knihy Radosti,  |c 2026 
300 |a 32 nečíslovaných stran :  |b barevné ilustrace ;  |c 21 cm 
336 |a text  |b txt  |2 rdacontent 
336 |a statický obraz  |b sti  |2 rdacontent 
337 |a bez média  |b n  |2 rdamedia 
338 |a svazek  |b nc  |2 rdacarrier 
520 2 |a Obrázková knížka s krátkým příběhem malého chlapce Willyho a běluhy, kteří nacházejí cestu k přátelství. Patří k němu chyby, omluvy a odpuštění. 
655 7 |a české příběhy  |7 fd133973  |2 czenas  |9 54030 
655 7 |a publikace pro děti  |7 fd133156  |2 czenas  |9 23 
655 9 |a Czech stories  |2 eczenas 
655 9 |a children's literature  |2 eczenas 
710 2 |a Knihy Radosti (nakladatelství)  |7 mzk20261291793  |4 pbl  |9 117343 
910 |a UOG502 
942 |2 ddc  |c KN 
999 |d 106318 
993 |0 0  |1 421180107039  |2 ddc  |4 0  |6 M  |7 0  |9 99691  |b 0  |c 107039  |d 2026-05-12  |e 0  |f M  |g M  |h 389.00  |i Koupě  |l M  |r 2026-05-12  |t 8  |w 2026-05-12  |y KN  |z BELET  |n